Distribución temporal de la precipitación en el Valle del Guarco
Uloženo v:
| Hlavní autor: | |
|---|---|
| Další autoři: | |
| Médium: | Kniha |
| Vydáno: |
[San José, Costa Rica]
2011
|
| Témata: | |
| Tagy: |
Přidat tag
Žádné tagy, Buďte první, kdo vytvoří štítek k tomuto záznamu!
|
MARC
| LEADER | 00000nam a2200000Ia 4500 | ||
|---|---|---|---|
| 003 | 010243 | ||
| 005 | 20240401144843.0 | ||
| 008 | 140114s2011 cr a 000 ||s d | ||
| 040 | |c cru CEDI | ||
| 090 | |a TFG 6297 | ||
| 100 | |a Maroto Bianchini, Esteban, 1983- |9 2807 | ||
| 245 | |a Distribución temporal de la precipitación en el Valle del Guarco | ||
| 260 | |a [San José, Costa Rica] |c 2011 | ||
| 500 | |a Proyecto de graduación (licenciatura en ingeniería civil)--Universidad de Costa Rica. Facultad de Ingeniería. Escuela de Ingeniería Civil | ||
| 501 | |a Director del Proyecto de Graduación: Ing. Rafael Murillo Muñoz, Ph.D | ||
| 650 | |x PRECIPITACION ATMOSFERICA - MEDICION - VALLE DE EL GUARCO (CARTAGO, COSTA RICA) |x PLUVIOMETRIA - METODOS GRAFICOS |9 2737 | ||
| 700 | |a Murillo Muñoz, Rafael Eduardo, 1970- |d Director del TFG |9 165 | ||
| 942 | |c TFG |h TFG 6297 |i 010243 |6 TFG_6297_010243000000000 | ||
| 999 | |c 15907 |d 15907 | ||
